000 00647nam a2200241Ia 4500
003 OSt
005 20220918221300.0
006 a|||||r|||| 00| 0
007 ta
008 220917b |||||||| |||| 00| 0 eng d
024 _a149,150
037 _cTextual
040 _aARTS
_cARTS
_beng
041 _2eng
_aeng
082 _aO111,1x, N7-;1
100 _aAsthana Pradeep Kumar
_9139894
245 0 _aAnguish of faith
260 _aNew Delhi
_bSangam book depot India
_c1997
300 _a46p.
_ccm.
650 _aENGLISH LITERATURE
942 _hO111,1x, N7-;1
_cTEXL
_2CC
999 _c271824
_d271824